Daňová zaťaženosť a daňová únosnosť

Charakteristika daňovej zaťaženosti a daňovej únosnosti. Daňová sústava v Slovenskej republike. Vývoj daňovej kvóty I. (podiel daní na HDP) v r. 1993 - 1996. Podiel daní na HDP vo vbraných štátoch. Celkové daňové zaťaženie vo vybraných štátoch. Faktory vplývajúce na vývoj daňového zaťaženia. Niektor...

Ausführliche Beschreibung

Gespeichert in:
Bibliographische Detailangaben
1. Verfasser: Petrenka, Ján
Format: Buchkapitel
Sprache:Slowakisch
Schlagworte:
Tags: Tag hinzufügen
Keine Tags, Fügen Sie das erste Tag hinzu!

MARC

LEADER 00000naa a2200000 4500
001 r027994
005 20230925122149.1
041 0 |a slo 
044 |a SK 
245 1 0 |a Daňová zaťaženosť a daňová únosnosť  |c Ján Petrenka 
520 |a Charakteristika daňovej zaťaženosti a daňovej únosnosti. Daňová sústava v Slovenskej republike. Vývoj daňovej kvóty I. (podiel daní na HDP) v r. 1993 - 1996. Podiel daní na HDP vo vbraných štátoch. Celkové daňové zaťaženie vo vybraných štátoch. Faktory vplývajúce na vývoj daňového zaťaženia. Niektoré dôsledky daňového zaťaženia. 
610 2 0 |a dane 
610 2 0 |a zaťaženie daňové 
610 2 0 |a sústava daňová 
610 2 0 |a Slovensko 
610 2 0 |a produkt domáci hrubý 
100 1 |a Petrenka, Ján